Most Points For Each Day Of The 2011-12 NBA Regular Season - Statistics

General Stats
  • This quiz has been taken 17 times
  • The average score is 27 of 55
Answer Stats
Team Player Days Led % Correct
Indiana Pacers David West 1
93%
Miami Heat LeBron James 13
93%
Oklahoma City Thunder Russell Westbrook 3
93%
Oklahoma City Thunder Kevin Durant 10
87%
Los Angeles Lakers Kobe Bryant 10
87%
Golden State Warriors Stephen Curry 2
87%
Los Angeles Clippers Blake Griffin 2
80%
New York Knicks Carmelo Anthony 6
80%
Miami Heat Chris Bosh 1
80%
Los Angeles Clippers Chris Paul 2
80%
Miami Heat Dwyane Wade 1
80%
Los Angeles Lakers Pau Gasol 1
80%
Dallas Mavericks Dirk Nowitzki 3
73%
Oklahoma City Thunder James Harden 2
73%
Washington Wizards John Wall 3
73%
Boston Celtics Paul Pierce 3
73%
Indiana Pacers Paul George 1
67%
San Antonio Spurs Tony Parker 2
67%
New Jersey Nets Deron Williams 4
60%
Atlanta Hawks Joe Johnson 1
60%
Minnesota Timberwolves Kevin Love 7
60%
Golden State Warriors Klay Thompson 1
60%
New York Knicks Amar'e Stoudemire 1
53%
New Jersey Nets Brook Lopez 1
53%
Sacramento Kings DeMarcus Cousins 2
53%
Orlando Magic Dwight Howard 2
53%
Atlanta Hawks Josh Smith 1
53%
Portland Trail Blazers LaMarcus Aldridge 3
53%
Golden State Warriors, Milwaukee Bucks Monta Ellis 6
53%
San Antonio Spurs Patty Mills 1
47%
Boston Celtics Rajon Rondo 1
47%
Utah Jazz Al Jefferson 1
40%
Los Angeles Lakers Andrew Bynum 5
40%
Houston Rockets Kevin Martin 1
40%
Milwaukee Bucks Brandon Jennings 2
33%
Golden State Warriors David Lee 1
33%
Denver Nuggets Kenneth Faried 1
33%
Utah Jazz Paul Millsap 1
33%
Detroit Pistons Ben Gordon 1
27%
Indiana Pacers Danny Granger 1
27%
Indiana Pacers Danny Granger 1
27%
New York Knicks Jeremy Lin 1
27%
Philadelphia 76ers Jrue Holiday 1
27%
Memphis Grizzlies Rudy Gay 1
27%
Sacramento Kings Tyreke Evans 2
27%
Toronto Raptors Andrea Bargnani 3
20%
Denver Nuggets Danilo Gallinari 1
20%
Portland Trail Blazers Wesley Matthews 1
20%
Cleveland Cavaliers Antawn Jamison 2
13%
Detroit Pistons Rodney Stuckey 2
13%
New Jersey Nets Anthony Morrow 1
7%
Milwaukee Bucks Ersan İlyasova 1
7%
Charlotte Bobcats Gerald Henderson 1
7%
Washington Wizards Nick Young 1
7%
Sacramento Kings Marcus Thornton 2
0%
No matching quizzes found
Score Distribution
Percent of People with Each Score
Percentile by Number Answered
Your Score History
You have not taken this quiz